NASA Climate Change FAQs Quiz Stats

 Plays Quiz not verified by Sporcle

Score 0/15 Timer 04:00
0 Plays Today
% Correct
cow belching
92%
study
91.6%
scientists
91.2%
extreme weather
90.2%
feet thick
90.1%
techniques
90.1%
distant past
89.9%
greenhouse
89.8%
% Correct
lag
89.2%
scientific community
89%
global warming
88.5%
destroy
86.7%
warmer
78.9%
temperature
77.8%
rotation
66%

You're not logged in!

Compare scores with friends on all Sporcle quizzes.
OR
Log In

Sporcle TV

Today on Sporcle TV


Watch our educational content, quiz creation guides, and fun videos on Sporcle TV.

Show Comments

Extras

Top Quizzes Today


Score Distribution

Your Account Isn't Verified!

In order to create a playlist on Sporcle, you need to verify the email address you used during registration. Go to your Sporcle Settings to finish the process.

Report this User

Report this user for behavior that violates our Community Guidelines.

Details: